Science Quiz

Random Science or Numbers Quiz

This Quiz Goes to 11! Stats

 Plays Quiz Updated Mar 17, 2020

Support Sporcle.
Go Orange.
Score 0/25 Timer 01:00
4 Plays Today
% Correct
???
77.4%
???
77.3%
???
76.4%
???
76.3%
???
76.1%
???
76%
???
75.3%
???
75.2%
???
75.2%
???
75.1%
???
73.8%
???
73.7%
???
73.4%
% Correct
???
73.1%
???
72.5%
???
71.3%
???
71.2%
???
71%
???
70.7%
???
70.2%
???
69.6%
???
69.2%
???
69.1%
???
68%
???
67.4%

From the Vault

'Sounds the Same' Slideshow V

by slipkid

You hear that? Sounds like a Sporcle quiz is calling your name.
Remove Ads.
Support Sporcle.
Get the best of Sporcle when you Go Orange. This ad-free experience offers more features, more stats, and more fun while also helping to support Sporcle. Thank you for becoming a member.

Show Comments

Extras

Top Quizzes Today


Score Distribution

Your Account Isn't Verified!

In order to create a playlist on Sporcle, you need to verify the email address you used during registration. Go to your Sporcle Settings to finish the process.

Report this User

Report this user for behavior that violates our Community Guidelines.

Details: